paroles Foufoune palace - Luidji - Statistiques

Statistiques générales
  • Ce quiz a été pris 1 109 fois
  • Le résultat moyen est 343 sur 500
Statistiques - réponses
Réponse % Correct
que
95%
metro
94%
quel
94%
le
92%
de
91%
les
91%
salope
91%
la
90%
elle
89%
je
86%
son
86%
te
86%
quand
85%
clemenceau
84%
rail
84%
pas
83%
au
82%
ne
82%
ma
81%
sniffe
81%
boulot
80%
jvais
80%
j'vais
80%
on
80%
faut
78%
idées
78%
illico
78%
j'en
78%
texté
78%
Champs-Élysées
77%
coke
77%
puis
77%
une
77%
avant
76%
change
76%
dans
76%
famille
76%
friquée
76%
nexter
76%
autre
75%
l'oseille
75%
j'ai
74%
jusqu'a
74%
jusqu'à
74%
l'aube
74%
rester
74%
salopes
74%
s'est
74%
respect
73%
ton
73%
vois
73%
ça
72%
soir
72%
demain
71%
mon
71%
qu'j'aille
71%
elles
70%
foufounes
70%
mais
70%
ce
69%
sexer
69%
sur
69%
trop
69%
avec
68%
main
68%
j'nage
67%
pour
67%
coeur
65%
si
64%
ces
63%
l'temps
63%
carré
62%
ont
62%
quatre
62%
baise
61%
ta
61%
c'est
60%
chambre
60%
meuf
60%
mec
59%
basses
58%
hautes
58%
trois
58%
culs
57%
d'as
57%
jfais
57%
quatorze
57%
et
56%
marées
56%
vie
56%
quoi
55%
en
54%
nimporte
54%
des
53%
meufs
53%
paires
53%
tu
53%
bois
52%
d'zizis
52%
porte
52%
t'as
52%
langue
51%
l'air
50%
leur
50%
passeport
50%
monte
49%
qui
48%
reviennent
48%
busy
47%
canne
47%
séries
47%
parle
46%
tellement
46%
lecher
45%
toi
45%
viens
45%
tout
44%
d'sport
43%
savais
43%
fesses
42%
j'pense
41%
d'pompes
40%
m'font
38%
applaudissent
37%
sauve
37%
mes
36%
pains
36%
veux
36%
c'que
33%
disques
33%
j'veux
33%
sortir
33%
bons
32%
prends
32%
femmes
31%
tous
31%
bien
30%
biff
30%
ouais
30%
reufs
30%
agonisent
29%
fans
29%
rappeurs
29%
ricaner
29%
friendzone
28%
gros
28%
vous
28%
stars
27%
visages
27%
cané
26%
donc
26%
faites
26%
j'connais
26%
reus
26%
m'aurais
25%
s'alcoolisent
25%
poitrines
24%
beaucoup
23%
équilatérales
23%
gère
23%
m'fais
23%
qu'vous
23%
etes
22%
posés
21%
installés
20%
tasse
20%
thé
20%
j'l'emporterai
19%
jouent
19%
sirotes
15%
Aucun quiz correspondant
Distribution des résultats
% des personnes avec chaque résultat
Percentile par nombre de réponses
Votre historique - résultats
Vous n’avez pas pris ce quiz